00398nam a22001457a 4500003000500000038001500005082000800020100002100028245007400049260003600123300002600159500001500185650002800200700002400228NUST aMr. Zahoor a530 aAmin, Syed Tahir aPractical Teleportation of an Unknown Quantum State cSyed Tahir Amin aIslamabad :bSNS - NUST,c2015. a84 p. : ill. ;c30cm. aHardcover. aPhysics - M.Phil Thesis aDr. Aeysha Khalique